<?xml version="1.0" encoding="UTF-8"?>
<marc:record xmlns:marc="http://www.loc.gov/MARC21/slim">
   <marc:leader>00000nam a2200000 a 4500</marc:leader>
   <marc:datafield ind1="1" ind2=" " tag="100">
      <marc:subfield code="a">Sánchez, Gaspar</marc:subfield>
      <marc:subfield code="4">aut</marc:subfield>
      <marc:subfield code="e">Verfasser/-in</marc:subfield>
   </marc:datafield>
   <marc:datafield ind1="1" ind2=" " tag="100">
      <marc:subfield code="a">Deville, Joannes Claudius</marc:subfield>
   </marc:datafield>
   <marc:datafield ind1="1" ind2=" " tag="100">
      <marc:subfield code="a">Suffren, Antonius</marc:subfield>
   </marc:datafield>
   <marc:datafield ind1="1" ind2=" " tag="100">
      <marc:subfield code="a">Xodar, Franciscus a Iesu de</marc:subfield>
   </marc:datafield>
   <marc:datafield ind1="1" ind2=" " tag="100">
      <marc:subfield code="a">Ignacio &lt;de Loyola&gt;</marc:subfield>
   </marc:datafield>
   <marc:datafield ind1="1" ind2=" " tag="100">
      <marc:subfield code="a">Fornazeris, Jacques de</marc:subfield>
   </marc:datafield>
   <marc:datafield ind1=" " ind2=" " tag="653">
      <marc:subfield code="a">t||Jesaja &lt;Buch&gt;</marc:subfield>
   </marc:datafield>
   <marc:datafield ind1=" " ind2=" " tag="653">
      <marc:subfield code="a">f||Kommentar</marc:subfield>
   </marc:datafield>
   <marc:datafield ind1="0" ind2="0" tag="245">
      <marc:subfield code="a">Gasparis Sanctii Centvmpvteolani, E Societate Iesv Theologi, In Collegio Complvtensi Sacrarum literarum Interpretis, In Isaiam Prophetam Commentarii</marc:subfield>
   </marc:datafield>
   <marc:datafield ind1="0" ind2="0" tag="245">
      <marc:subfield code="b">cum paraphrasi</marc:subfield>
   </marc:datafield>
   <marc:datafield ind1=" " ind2="1" tag="264">
      <marc:subfield code="a">Lugduni</marc:subfield>
      <marc:subfield code="b">Cardon</marc:subfield>
      <marc:subfield code="c">1615</marc:subfield>
   </marc:datafield>
   <marc:datafield ind1=" " ind2=" " tag="250">
      <marc:subfield code="a">Nunc primum evulgati &amp; Indicibus utilissimis illustrati</marc:subfield>
   </marc:datafield>
   <marc:datafield ind1="1" ind2=" " tag="520">
      <marc:subfield code="a">Erscheinungsvermerk lt. Vorlage: Lvgdvni || Svmptibvs Horatii Cardon || M.DC.XV. Vermerk: Collegii Societatis Jesu Oeniponti anno 1616. Bibliotheksmarke auf der Innenseite des VD "Ad Bibliothecam P.P. Capucinorum Oeniponte 28 (9)". Titelkupfer http://zentralbibliothek.kapuziner.at/kupferstiche/provinzbibliothek/provinzbibliothek_3651.jpg von J. de Fornazeris delineavit et sculp., Verzierungen, Zierkupferstiche, ill. Initialen und eine figurative Initiale im Text, Schweinsledereinband auf Buchdeckeln aus Holz, Leder der Bucheckel mit Linien, figurativen Bordüren mit Beischriften (Johannes der Täufer "ECCE AGN", Christus Salvator "DATA EST", David DE FRCT" und Paulus "APPARVI")  und fleuralen Bordüren und Strängen verziert, Buchrücken mit 5 Bünden, Titelschild "SANCTII || COMMENTAR. || in ISAIAM.", Aufschrift "Com[m]entar:" "E.A." und Signaturschild "28 (9)", zwei rechteckige gravierte Messingschließen mit Lederscharnieren, rötliche Schnittkante.</marc:subfield>
   </marc:datafield>
   <marc:datafield ind1=" " ind2=" " tag="500">
      <marc:subfield code="a">Titelbl. in Rot- und Schwarzdr.</marc:subfield>
   </marc:datafield>
   <marc:datafield ind1=" " ind2=" " tag="300">
      <marc:subfield code="a">[8] Bl., 769, [1] S., [6] Bl. : Ill.; 37 cm</marc:subfield>
   </marc:datafield>
</marc:record>
